000 01144nam0a2200301 i 4500
001 RU\NLR\BIBL_A\011199211
005 20240921170741.0
010 _a9785996608393
_95000
021 _aRU
_b2016-61900
_93934
035 _a(NILC)RuMoRGB-008026397
035 _a(NLR Aleph) 011199211
090 _a11911127
_c11911127
100 _a20160823d2016 u y0rusy50 ca
101 0 _arus
102 _aRU
105 _ay|||z|||000
200 1 _aОбществознание
_eЕГЭ
_e10-11 классы
_eзадания высокого уровня сложности
_eучебно-методическое пособие
_fР.В. Пазин
205 _aИзд. 3-е, перераб. и доп.
210 _aРостов-на-Дону
_cЛегион
_d2016
215 _a415 с.
_d20
320 _aБиблиогр.: с. 411-412
606 1 _aОбществоведение
_jУчебные издания для средней школы
_91764031
_3RU\NLR\AUTH\66791493
686 1 _aС.я72
700 1 _aПазин
_bР. В.
_gРоман Викторович
942 _cBOOK
980 _aNBR